000 00705cam a2200205 4500
001 WB3708-04
008 000000n2001 000 0 eng u
035 _a(Sirsi) u111075
245 _aGovernment backs 400 new wind farms
260 _c2001
490 _aScotsman
_v 19 February 2001, 6(1)
520 _aThe government is planning a large increase in the number of offshore wind farms in a bid to cut fossil fuel pollution. Licenses are expected to be granted for 360 of the windmills.
590 _aWB
650 _aWIND FARMS
650 _aOFFSHORE WIND POWER
650 _aFOSSIL FUELS
650 _aALTERNATIVE ENERGY
690 _aENVIRONMENTAL AND LAND CONSULTANCY-ENERGY
942 _n0
999 _c66175
_d66175